000 00317 a2200145 4500
999 _c12212
_d12212
003 OSt
005 20231223150200.0
008 231223b ||||| |||| 00| 0 eng d
020 _a9788957703076
082 _a725.5
_bARC
100 _aArchiworld
245 _aOmni 3: Hospital
260 _bArchiworld
942 _2ddc